1109 1036 1238 1853 1972 1917 1892 1733 1297 1962 1915 1433 1922 1847 1139 1992 1603 1201 1981 1001 1117 1208 1854 1379 1690 1299 1522 1662 1834 1415 1910 1222 1434 1353 1477 1366 1272 1602 1516 1276 1322 1811 1308 1288 1981 1114 1109 1403 1760 1958 1109 1830 1898 1508 1414 1620 1359 1580 1903 1809 1571 1773 1260 1223 1932 1256 1504 1423 1518 1816 1715 1668 1866 1741 1116 1652 1473 1368 1601 1752 1773 1574 1093 1679 1928 1544 1931 1716 1460 1564 1006 1265 1641 1212 1224 1774 1972 1274 1344 BCNSPRNW ULIB Ver.6.0+V

เปลี่ยนเป็นภาษาไทย

Change to English
 แสดงรายละเอียดบรรณานุกรม
  กลับหน้าหลัก

Brief Record : Get Marc (ISO 2709) : E-mail record : QR code < ปิดหน้าต่าง
LEADER : 00000nam 2200000uu 4500
001    13399121974
003     ULIB
008    020711s2547 th a 000 0 tha d
020    9749164083
060    WM29^bส749ก
110    กรมสุขภาพจิต
245    คู่มือการดำเนินงานสุขภาพจิตในศูนย์สุขภาพจิต /^cกรมสุขภาพจิต
250    พิมพ์ครั้งที่ 2
260    นนทบุรี :^bกรมสุขภาพจิต,^c2547
300    82 หน้า
650    การดำเนินงาน^xสุขภาพจิต
945    ^p0^l0^i13576
945    ^p0^l0^i13577
945    ^p0^l0^i13578
945    ^p0^l0^i13579
999    ^aทศพร เกษรทอง
รายการนี้ยังไม่มีแท็ก
คุณยังไม่ได้ล็อกอิน คุณสามารถมีกิจกรรมร่วมกับเว็บไซต์ได้ แต่ต้องล็อกอินก่อน ::
  ล็อกอิน

รายการสื่อสารสนเทศ

ลำดับที่ ประเภท เลขเรียก/บาร์โค้ด สถานที่ สถานะ
1. วิทยาศาสตร์การแพทย์ และสุขภาพ
วิทยาศาสตร์การแพทย์ และสุขภาพ
WM29 ส749ก ฉ.1 
  Barcode: 13576
ห้องสมุดวิทยาเขตสวรรค์ประชารักษ์
►หนังสือทั่วไป
บนชั้น
2. วิทยาศาสตร์การแพทย์ และสุขภาพ
วิทยาศาสตร์การแพทย์ และสุขภาพ
WM29 ส749ก ฉ.2 
  Barcode: 13577
ห้องสมุดวิทยาเขตสวรรค์ประชารักษ์
►หนังสือทั่วไป
บนชั้น
3. วิทยาศาสตร์การแพทย์ และสุขภาพ
วิทยาศาสตร์การแพทย์ และสุขภาพ
WM29 ส749ก ฉ.3 
  Barcode: 13578
ห้องสมุดวิทยาเขตสวรรค์ประชารักษ์
►หนังสือทั่วไป
บนชั้น
4. วิทยาศาสตร์การแพทย์ และสุขภาพ
วิทยาศาสตร์การแพทย์ และสุขภาพ
WM29 ส749ก ฉ.4 
  Barcode: 13579
ห้องสมุดวิทยาเขตสวรรค์ประชารักษ์
►หนังสือทั่วไป
บนชั้น

BibComment


ยังไม่เคยถูกคอมเมนท์

คอมเมนท์ทรัพยากรรายการนี้
  คอมเมนท์: คู่มือการดำเนินงา..


 Copyright 2026. Bcnsprnw @Library